| 000 | 00713nam a2200241 a 4500 | ||
|---|---|---|---|
| 001 | BRCA_5786 | ||
| 005 | 20190320205220.0 | ||
| 008 | 090311s1842----gw-#######---#000-0#ger-# | ||
| 041 | _ager | ||
| 044 | _agw | ||
| 050 | 4 |
_aN8675 _b.H68 1842 |
|
| 100 | 1 |
_aHotho, H. G. _914675 |
|
| 245 | 1 | 0 |
_aOeffentliche Vorlesungen über _bGegenstände der Literatur und Kunst _cH. G. Hotho. |
| 260 |
_aBerlín _bSimion _c1842 |
||
| 300 |
_a2 v. en 1 v., 394 p. _c19 cm. |
||
| 500 | _aG11 | ||
| 505 | 0 | _aContenido: v.2. Geschichte der deutschen und niederländischen malerei | |
| 650 | 1 | 4 |
_aObjetos de arte _98860 |
| 650 | 1 | 4 |
_aPintura holandesa _99393 |
| 650 | 1 | 4 |
_aPintura alemana _99335 |
| 902 | _aGFM | ||
| 942 |
_2lcc _cB |
||
| 999 |
_c5475 _d5475 |
||